| 000 | 00524nam a2200181 i 4500 | ||
|---|---|---|---|
| 001 | 64378 | ||
| 003 | ES-MaACL | ||
| 005 | 20251011063110.0 | ||
| 007 | t| | ||
| 008 | 031223s1906 it ||||1| ita d | ||
| 080 | _a821.131.1-31"18" | ||
| 100 | 1 |
_aFogazzaro, Antonio, _d1842-1911 _951409 |
|
| 245 | 1 | 3 |
_aIl santo _b: romanzo / _cAntonio Fogazzaro. |
| 260 |
_aMilano : _b[s.n.], _c1906 ( _fTip. Pirola e Cella di P. Cella) |
||
| 300 |
_a477 p. ; _c19 cm. |
||
| 852 |
_aES-MaACL _jF-10306 |
||
| 999 |
_c64378 _d64378 |
||